ELEMENTS OF INTERNET E-MAIL AND ONLINE JOURNALISM (Record no. 13207)

MARC details
000 -LEADER
fixed length control field 00367nam a22001457a 4500
003 - CONTROL NUMBER IDENTIFIER
control field SGT
020 ## - INTERNATIONAL STANDARD BOOK NUMBER
International Standard Book Number 9788184576757
082 ## - DEWEY DECIMAL CLASSIFICATION NUMBER
Classification number 004.678
Item number E15P
100 ## - MAIN ENTRY--PERSONAL NAME
Personal name PANT, NAVEEN CHANDRA
245 ## - TITLE STATEMENT
Title ELEMENTS OF INTERNET E-MAIL AND ONLINE JOURNALISM
260 ## - PUBLICATION, DISTRIBUTION, ETC. (IMPRINT)
Place of publication, distribution, etc NEW DELHI
Name of publisher, distributor, etc KANISHKA PUBLISHER
Year of Publication 2015
300 ## - PAGE DESCRIPTION
No. of Pages 280
650 ## - SUBJECT ADDED ENTRY--TOPICAL TERM
Topical term or geographic name as entry element MASS COMMUNICATION
942 ## - ADDED ENTRY ELEMENTS (KOHA)
Source of classification or shelving scheme Dewey Decimal Classification
Koha item type Books
Holdings
Withdrawn status Lost status Source of classification or shelving scheme Damaged status Not for loan Collection code Home library Current library Shelving location Date acquired Vendor Name Cost, normal purchase price SGTU Bill Number Total Checkouts Full call number Accession No. (Barcode) Date last seen Bill Date Koha item type
    Dewey Decimal Classification     MASS COMMUNICATION SGT Science & Social Sciences Library SGT Science & Social Sciences Library Reference Book 08/09/2017 INDIAN PUBLISHER NEW DELHI 900.00 SGTU 10   004.678 E15P MC546 08/09/2017 29/04/2017 Books